| 000 | 01332cam a22004094i 4500 | ||
|---|---|---|---|
| 003 | PE-LiUPU | ||
| 005 | 20250731175627.0 | ||
| 008 | 190715s2004 ilua r 000 0 eng d | ||
| 020 | _a9603794252 | ||
| 020 | _a9789603794257 | ||
| 035 | _a(Sirsi) a252295 | ||
| 040 |
_aPE-LiUPU _bspa _cPE-LiUPU _erda |
||
| 049 | _aPRUA | ||
| 082 | 0 | 4 |
_a420 _bM66 _221 |
| 100 | 1 |
_aMitchell, H. Q., _eautor. |
|
| 245 | 0 | 0 |
_aLive English grammar / _cH.Q. Mitchell ; S. Parker. |
| 264 | 1 |
_aLondon : _bMM Publications, _c2004. |
|
| 300 |
_a159 páginas : _bilustraciones ; _c28 centímetros |
||
| 336 |
_atext _2rdacontent |
||
| 337 |
_aunmediated _2rdamedia |
||
| 338 |
_avolume _2rdacarrier |
||
| 505 | 0 | _aLive English grammar. | |
| 526 | _aP145 | ||
| 526 | _aP127 | ||
| 526 | _aP97 | ||
| 526 | _aP35 | ||
| 526 | _aP14 | ||
| 526 | _aP07 | ||
| 650 | 0 | 4 |
_aIdioma ingles _xgramatica. |
| 700 | 1 |
_aParker, S., _eautor. |
|
| 910 |
_adbm _bksl _cksl _d20190715 |
||
| 942 |
_2ddc _cBOOK |
||
| 994 |
_aC0 _bPEPRU |
||
| 596 | _a1 | ||
| 999 |
_a420 M66 _wDEWEY _c31525 _i80284 _f2021-11-8 _g3 _lCCODEBUL1 _mBUL _p20.00 _r0 _sY _tBOOK _u2019-7-15 _xEDUCACION _PP20 _0DONACION _o.STAFF. Colección Ciencias Humanas y Educación _d31525 |
||
| 980 |
_81 _gALBERTO SANCHEZ Responsable de Automatización |
||